[Event "Oberliga Nord N 9899"]
[Site "Germany"]
[Date "1999.??.??"]
[Round "?"]
[White "Neffe, Axel"]
[Black "Sell, Achim"]
[Result "1/2-1/2"]
[WhiteElo "2245"]
[BlackElo "2280"]
[PlyCount "103"]
[EventDate "1998.10.??"]
[EventType "team"]
[EventRounds "9"]
[EventCountry "GER"]
[SourceTitle "EXT 2000"]
[Source "ChessBase"]
[SourceDate "1999.11.16"]
[SourceVersion "1"]
[SourceVersionDate "1999.11.16"]
[SourceQuality "1"]

1. e4 d6 2. d4 c6 3. f4 g6 4. Nc3 Bg7 5. Bc4 Nd7 6. Nf3 e6 7. a4 d5 8. Bb3 Ne7 9. 0-0 Nf6 10. Re1 0-0 11. Qe2 Qc7 12. exd5 Nfxd5 13. Ne5 Nf5 14. Qf2 Rd8 15. Ne4 Nxd4 16. Qxd4 Nxf4 17. Qxd8+ Qxd8 18. Bxf4 Qd4+ 19. Kh1 Bxe5 20. c3 Qb6 21. Bxe5 Qxb3 22. Rad1 f5 23. Rd8+ Kf7 24. Nd6+ Ke7 25. Rh8 Qd5 26. Rxh7+ Kf8 27. Rh8+ Ke7 28. Nxc8+ Kd7 29. Rh7+ Kxc8 30. Rh8+ Kd7 31. Rxa8 Qd2 32. Ra1 Qe2 33. Bf6 f4 34. Rd8+ Kc7 35. Rad1 f3 36. R8d2 fxg2+ 37. Kg1 Qe3+ 38. Rf2 c5 39. b4 e5 40. Bd8+ Kc8 41. a5 Qxc3 42. Rf8 Qe3+ 43. Kxg2 Qe2+ 44. Kg3 Qe3+ 45. Kg4 Qe2+ 46. Kg5 Qh5+ 47. Kf6 Qh6 48. Re8 g5+ 49. Ke7 Qg7+ 50. Ke6 Qg6+ 51. Ke7 Qg7+ 52. Ke6 1/2-1/2

[Event "Oberliga Nord N 9798"]
[Site "Germany"]
[Date "1998.??.??"]
[Round "?"]
[White "Neffe, Axel"]
[Black "Hold, Andre"]
[Result "1/2-1/2"]
[WhiteElo "2235"]
[BlackElo "2225"]
[PlyCount "120"]
[EventDate "1997.10.??"]
[EventType "team"]
[EventRounds "9"]
[EventCountry "GER"]
[SourceTitle "EXT 1999"]
[Source "ChessBase"]
[SourceDate "1998.11.16"]
[SourceVersion "1"]
[SourceVersionDate "1998.11.16"]
[SourceQuality "1"]

1. e4 g6 2. d4 Bg7 3. c4 Nc6 4. d5 Nd4 5. Be3 e5 6. f4 d6 7. Nc3 c5 8. dxc6 bxc6 9. Nf3 c5 10. Be2 Ne7 11. 0-0 0-0 12. fxe5 dxe5 13. Nd5 Nxd5 14. cxd5 Qb6 15. b3 Nxe2+ 16. Qxe2 Ba6 17. Qf2 Rac8 18. Rfc1 f5 19. Ng5 fxe4 20. Qh4 h6 21. Ne6 g5 22. Qxe4 Rf6 23. Nxc5 Rf4 24. Nxa6 Rxc1+ 25. Rxc1 Rxe4 26. Bxb6 axb6 27. Rc6 Re2 28. d6 Rd2 29. Rxb6 Bf8 30. a4 Bxd6 31. b4 e4 32. Kf1 e3 33. g3 Kf7 34. a5 Be5 35. Rb7+ Kf8 36. Nc5 Rf2+ 37. Kg1 Bc3 38. Rb8+ Kf7 39. Rb7+ Kf8 40. a6 e2 41. Nd3 Bd4 42. a7 Rf7+ 43. Kg2 Bxa7 44. Rxf7+ Kxf7 45. Kf3 Ke6 46. Kxe2 Kf5 47. b5 Ke4 48. Nb4 h5 49. Nc6 Bg1 50. h3 Kd5 51. Kf3 Kc5 52. g4 hxg4+ 53. Kxg4 Kxb5 54. Nd8 Bf2 55. Ne6 Kc6 56. Nxg5 Kd5 57. Kf5 Bh4 58. Ne4 Be1 59. Kf4 Ke6 60. Ng3 Bxg3+ 1/2-1/2